L'économie des inégalités
Guardat en:
| Autor principal: | |
|---|---|
| Format: | Llibre |
| Idioma: | francès |
| Publicat: |
París
La Découverte
2001
|
| Edició: | 3a. ed |
| Matèries: | |
| Etiquetes: |
Afegir etiqueta
Sense etiquetes, Sigues el primer a etiquetar aquest registre!
|
MARC
| LEADER | 00000nam a2200000 a 4500 | ||
|---|---|---|---|
| 001 | UCM0058 | ||
| 003 | CL-VaPUC | ||
| 008 | 020108e20010000FR |||||||||||||||||fre|d | ||
| 082 | 0 | 4 | |a 339.21 |b PIK |2 21 |
| 100 | 0 | |a Piketty, Thomas |e author |9 466685 | |
| 245 | 1 | 2 | |a L'économie des inégalités |
| 250 | |a 3a. ed | ||
| 300 | |a 122 p | ||
| 942 | |c BK | ||
| 945 | |d 20020108 00:00:00 |a cmena | ||
| 260 | |a París |b La Découverte |c 2001 | ||
| 650 | 0 | |a Distribución de la riqueza |9 404226 | |
| 650 | 0 | |a Macroeconomía |9 260301 | |
| 650 | 0 | |a Políticas económicas |9 353940 | |
| 650 | 0 | |a Desigualdad social |9 349409 | |
| 583 | |a last modification |c 20020108 00:00:00 |k Rodrigo Vera | ||
| 999 | |c 299123 |d 299121 | ||
| 952 | |0 0 |1 0 |4 0 |6 339_210000000000000_PIK_2001 |7 0 |8 P |9 355292 |a BIBGIM |b BIBGIM |d 2019-11-21 |i 3787389 |l 1 |o 339.21 PIK 2001 |p 3787389 |r 2025-01-15 |s 2023-07-28 |w 2019-11-21 |y BK |k GIM | ||